[Event "LSS SL-2006-0-00058"]
[Site "LSS email"]
[Date "2007.01.05"]
[Round "?"]
[White "Ciesla, Daniel"]
[Black "McNally, Tony"]
[Result "1-0"]
[WhiteElo "1344"]
[BlackElo "1040"]
[PlyCount "55"]
[EventDate "2006.12.30"]
[EventType "tourn (corr)"]
[EventRounds "10"]
[EventCountry "GER"]
[SourceTitle "Corr 2022"]
[Source "ChessBase"]
[SourceDate "2021.10.24"]
[SourceVersion "1"]
[SourceVersionDate "2021.10.24"]
[SourceQuality "1"]

1. d4 Nf6 2. c4 g6 3. Nc3 Bg7 4. Nf3 d6 5. Bf4 0-0 6. e3 c5 7. Be2 Nh5 8. Bg5 h6 9. Bh4 g5 10. Ng1 Nf6 11. Bg3 cxd4 12. exd4 Nc6 13. Nf3 Qb6 14. Rb1 Bg4 15. d5 Bxf3 16. Bxf3 Ne5 17. Be2 Rac8 18. Bxe5 dxe5 19. 0-0 Ne8 20. b3 f5 21. Qc2 Nd6 22. Na4 Qc7 23. Nb2 e4 24. Rfc1 g4 25. c5 Qa5 26. Nd1 Bd4 27. b4 Qd8 28. Qd2 1-0

[Event "LSS SL-2006-0-00058"]
[Site "LSS email"]
[Date "2007.01.04"]
[Round "?"]
[White "Biro, Nora"]
[Black "McNally, Tony"]
[Result "1-0"]
[WhiteElo "1253"]
[BlackElo "1040"]
[PlyCount "37"]
[EventDate "2006.12.30"]
[EventType "tourn (corr)"]
[EventRounds "10"]
[EventCountry "GER"]
[SourceTitle "Corr 2022"]
[Source "ChessBase"]
[SourceDate "2021.10.24"]
[SourceVersion "1"]
[SourceVersionDate "2021.10.24"]
[SourceQuality "1"]

1. e4 c5 2. Nf3 d6 3. d4 cxd4 4. Nxd4 Nf6 5. Nc3 g6 6. Be2 Bg7 7. 0-0 Nc6 8. Be3 a6 9. Nd5 Nxe4 10. Nxc6 bxc6 11. Bb6 Qd7 12. Nc7+ Kf8 13. Nxa8 Qb7 14. Bd4 e5 15. Be3 Qxa8 16. f3 Nf6 17. Qxd6+ Kg8 18. Qd8+ Bf8 19. Qxf6 1-0

[Event "LSS SL-2006-0-00058"]
[Site "LSS email"]
[Date "2007.01.04"]
[Round "?"]
[White "McNally, Tony"]
[Black "Van Dijk, Arnold"]
[Result "1-0"]
[WhiteElo "1040"]
[BlackElo "1096"]
[PlyCount "41"]
[EventDate "2006.12.30"]
[EventType "tourn (corr)"]
[EventRounds "10"]
[EventCountry "GER"]
[SourceTitle "Corr 2022"]
[Source "ChessBase"]
[SourceDate "2021.10.24"]
[SourceVersion "1"]
[SourceVersionDate "2021.10.24"]
[SourceQuality "1"]

1. d4 d5 2. c4 dxc4 3. e4 e5 4. Nf3 exd4 5. Nxd4 Bc5 6. Be3 Nc6 7. Nxc6 Qxd1+ 8. Kxd1 Bxe3 9. fxe3 bxc6 10. Bxc4 Nf6 11. Nc3 Ng4 12. Ke2 Ne5 13. Bb3 Ba6+ 14. Kf2 Nd3+ 15. Kg3 h5 16. h4 Nxb2 17. Na4 Nxa4 18. Bxa4 Bb5 19. Bb3 a5 20. a4 Bd3 21. e5 1-0

[Event "IECG SL.2006.0.00043"]
[Site "IECG email"]
[Date "2006.07.30"]
[Round "?"]
[White "Agustin, Santos Etxepare"]
[Black "McNally, Tony"]
[Result "0-1"]
[WhiteElo "1497"]
[BlackElo "1085"]
[PlyCount "30"]
[EventDate "2006.07.10"]
[EventType "tourn (corr)"]
[EventRounds "6"]
[SourceTitle "Corr 2022"]
[Source "ChessBase"]
[SourceDate "2021.10.24"]
[SourceVersion "1"]
[SourceVersionDate "2021.10.24"]
[SourceQuality "1"]

1. d4 Nf6 2. c4 g6 3. Nc3 d5 4. Bg5 Bg7 5. Nf3 0-0 6. Bxf6 Bxf6 7. Nxd5 Bg7 8. e4 e6 9. Ne3 c5 10. Be2 cxd4 11. Ng4 Qb6 12. b3 Nc6 13. e5 Qb4+ 14. Qd2 Qxd2+ 15. Kxd2 Rd8 0-1

[Event "LSS SL-2006-0-00041"]
[Site "LSS email"]
[Date "2006.05.24"]
[Round "?"]
[White "Agrelo Alvarez, Gonzalo"]
[Black "McNally, Tony"]
[Result "0-1"]
[WhiteElo "846"]
[BlackElo "999"]
[PlyCount "28"]
[EventDate "2006.04.15"]
[EventType "tourn (corr)"]
[EventCountry "GER"]
[SourceTitle "Corr 2015"]
[Source "ChessBase"]
[SourceDate "2015.07.17"]
[SourceVersion "1"]
[SourceVersionDate "2015.07.17"]
[SourceQuality "1"]

1. d4 Nf6 2. c4 g6 3. Nc3 d5 4. Nf3 Bg7 5. Bf4 0-0 6. e3 c5 7. dxc5 dxc4 8. Bxc4 Qa5 9. 0-0 Qxc5 10. Qb3 Nc6 11. Ng5 e6 12. Rfd1 Na5 13. Qa4 Nxc4 14. b3 Nb2 0-1

[Event "IECG SL.2006.0.00042"]
[Site "IECG email"]
[Date "2006.05.12"]
[Round "?"]
[White "McNally, Tony"]
[Black "Vermaas, Fred"]
[Result "0-1"]
[WhiteElo "1087"]
[BlackElo "1477"]
[PlyCount "32"]
[EventDate "2006.05.12"]
[EventType "tourn (corr)"]
[EventRounds "6"]
[SourceTitle "Corr 2008"]
[Source "ChessBase"]
[SourceDate "2008.06.24"]
[SourceVersion "1"]
[SourceVersionDate "2008.06.24"]
[SourceQuality "1"]

1. d4 Nf6 2. c4 e6 3. Nc3 Bb4 4. Bg5 c5 5. a3 Bxc3+ 6. bxc3 Qa5 7. Bd2 Nc6 8. Nf3 0-0 9. e3 d6 10. Bd3 e5 11. 0-0 e4 12. Bc2 exf3 13. Qxf3 cxd4 14. e4 Ne5 15. Qg3 Nh5 16. Qh4 Ng6 0-1

[Event "IECG SL.2006.0.00042"]
[Site "IECG email"]
[Date "2006.05.12"]
[Round "?"]
[White "Ronda, Achille"]
[Black "McNally, Tony"]
[Result "1-0"]
[WhiteElo "1136"]
[BlackElo "1087"]
[PlyCount "89"]
[EventDate "2006.05.12"]
[EventType "tourn (corr)"]
[EventRounds "6"]
[SourceTitle "Corr 2008"]
[Source "ChessBase"]
[SourceDate "2008.06.24"]
[SourceVersion "1"]
[SourceVersionDate "2008.06.24"]
[SourceQuality "1"]

1. e4 c5 2. Nf3 d6 3. d4 cxd4 4. Nxd4 Nf6 5. Nc3 g6 6. Bf4 e5 7. Bg5 exd4 8. Nd5 Bg7 9. Qxd4 Nbd7 10. Bb5 0-0 11. Bxd7 Nxd7 12. Qxg7+ Kxg7 13. Bxd8 Rxd8 14. Nc7 Rb8 15. 0-0-0 Nc5 16. Rhe1 Ne6 17. Nb5 Nf4 18. g3 Ne6 19. Nxd6 b5 20. e5 b4 21. h4 Bb7 22. Re3 a5 23. c4 bxc3 24. Rxc3 Ba6 25. Rd5 a4 26. Ra5 Be2 27. Rxa4 Ra8 28. Rxa8 Rxa8 29. Kd2 Bg4 30. f3 Bh3 31. a3 Ra5 32. Ne8+ Kf8 33. Nf6 Kg7 34. f4 Nc5 35. b4 Ne4+ 36. Nxe4 Rd5+ 37. Rd3 Rd7 38. Rxd7 Bxd7 39. Nc5 Bc8 40. b5 Kf8 41. b6 Ke8 42. b7 Bxb7 43. Nxb7 Kd7 44. a4 Kc7 45. Nd6 1-0

[Event "IECG RL.2006.0.00044"]
[Site "IECG email"]
[Date "2006.04.29"]
[Round "?"]
[White "McNally, Tony"]
[Black "Wurm, Tamas"]
[Result "1-0"]
[WhiteElo "1087"]
[BlackElo "1038"]
[PlyCount "55"]
[EventDate "2006.04.29"]
[EventType "tourn (corr)"]
[EventRounds "6"]
[SourceTitle "Corr 2008"]
[Source "ChessBase"]
[SourceDate "2008.06.24"]
[SourceVersion "1"]
[SourceVersionDate "2008.06.24"]
[SourceQuality "1"]

1. d4 Nf6 2. Nf3 g6 3. c4 d5 4. Nc3 Bg7 5. cxd5 Nxd5 6. e4 Nxc3 7. bxc3 0-0 8. Qb3 c5 9. d5 Qa5 10. Bd2 Bg4 11. Rb1 Bxf3 12. c4 Qc7 13. Qxf3 Nd7 14. Be2 Ne5 15. Qb3 b6 16. f4 Nd7 17. e5 g5 18. 0-0 Rfd8 19. Qh3 Nf8 20. Bd3 Ng6 21. Rbe1 Qd7 22. e6 fxe6 23. Rxe6 Bd4+ 24. Kh1 Qe8 25. f5 Ne5 26. f6 h5 27. Rxe7 Qf8 28. Qxh5 1-0

[Event "IECG SL.2006.0.00041"]
[Site "IECG email"]
[Date "2006.04.15"]
[Round "?"]
[White "Krupikov, Andrey Viktorovich"]
[Black "McNally, Tony"]
[Result "1-0"]
[WhiteElo "1517"]
[BlackElo "1087"]
[PlyCount "53"]
[EventDate "2006.04.15"]
[EventType "tourn (corr)"]
[EventRounds "6"]
[SourceTitle "Corr 2008"]
[Source "ChessBase"]
[SourceDate "2008.06.24"]
[SourceVersion "1"]
[SourceVersionDate "2008.06.24"]
[SourceQuality "1"]

1. e4 c5 2. f4 d5 3. exd5 Nf6 4. Bb5+ Bd7 5. Bxd7+ Qxd7 6. c4 e6 7. Qe2 Bd6 8. d3 0-0 9. dxe6 Qxe6 10. Qxe6 fxe6 11. Nf3 Nc6 12. Nc3 Nd4 13. Nxd4 cxd4 14. Nb5 Be7 15. Nxd4 Bb4+ 16. Bd2 Bxd2+ 17. Kxd2 Rfe8 18. Rae1 Rad8 19. Nxe6 Rd6 20. Ng5 Red8 21. Re3 Ng4 22. Rf3 Rxd3+ 23. Rxd3 Rxd3+ 24. Kxd3 Nf2+ 25. Ke2 Nxh1 26. Kf1 h6 27. Ne4 1-0

[Event "IECG SL.2006.0.00041"]
[Site "IECG email"]
[Date "2006.04.15"]
[Round "?"]
[White "McNally, Tony"]
[Black "Slavin, Pablo"]
[Result "0-1"]
[WhiteElo "1087"]
[BlackElo "1326"]
[PlyCount "62"]
[EventDate "2006.04.15"]
[EventType "tourn (corr)"]
[EventRounds "6"]
[SourceTitle "Corr 2008"]
[Source "ChessBase"]
[SourceDate "2008.06.24"]
[SourceVersion "1"]
[SourceVersionDate "2008.06.24"]
[SourceQuality "1"]

1. d4 Nf6 2. c4 c5 3. d5 b5 4. Qc2 bxc4 5. e4 d6 6. Bxc4 g6 7. Bg5 Bg7 8. Nc3 0-0 9. Nge2 Nbd7 10. 0-0 Ne5 11. b3 Nxc4 12. bxc4 h6 13. Bh4 Qa5 14. f3 Ba6 15. Nd1 g5 16. Be1 Qc7 17. Qa4 Bc8 18. Ba5 Qb7 19. Nec3 Bd7 20. Nb5 a6 21. Nxd6 exd6 22. Qc2 Rab8 23. Bc3 Rfe8 24. Ne3 Qa7 25. Rab1 Rxb1 26. Rxb1 Rb8 27. e5 Rxb1+ 28. Qxb1 Ne8 29. Nf5 Bxf5 30. Qxf5 Qe7 31. e6 Bxc3 0-1

[Event "IECG CF.2005.0.00075 email"]
[Site "IECG email"]
[Date "2005.10.09"]
[Round "?"]
[White "Hilton, James"]
[Black "McNally, Tony"]
[Result "1-0"]
[WhiteElo "1000"]
[BlackElo "1058"]
[PlyCount "80"]
[EventDate "2005.10.09"]
[EventType "tourn (corr)"]
[EventRounds "6"]
[SourceTitle "Corr 2008"]
[Source "ChessBase"]
[SourceDate "2008.06.24"]
[SourceVersion "1"]
[SourceVersionDate "2008.06.24"]
[SourceQuality "1"]

1. e4 c5 2. Nf3 d6 3. Bc4 Nf6 4. Ng5 e6 5. d3 g6 6. 0-0 Bg7 7. Nc3 Nc6 8. Bf4 0-0 9. Qd2 b6 10. Ne2 Nh5 11. c3 Nxf4 12. Qxf4 Ne5 13. b4 Nxc4 14. dxc4 cxb4 15. cxb4 Bxa1 16. Qh4 h5 17. Rxa1 Qf6 18. Rd1 Qb2 19. Ng3 Qxa2 20. Nxh5 Qb3 21. Rf1 gxh5 22. Qxh5 Kg7 23. Qh7+ Kf6 24. Qh4 Ke7 25. Nh7+ f6 26. Nxf8 Kxf8 27. Qxf6+ Ke8 28. Qh8+ Kd7 29. Qg7+ Kd8 30. Qd4 Qxb4 31. Rd1 Kd7 32. e5 d5 33. cxd5 Qxd4 34. Rxd4 exd5 35. Rg4 Ke6 36. f4 Kf5 37. Rg8 Kxf4 38. e6 Bb7 39. Rxa8 Bxa8 40. e7 Bc6 1-0

[Event "CFriend CP-2005-P-00025"]
[Site "Chessfriend.com"]
[Date "2005.10.01"]
[Round "1"]
[White "McNally, Tony"]
[Black "Pecotic, Kuzma"]
[Result "0-1"]
[WhiteElo "1104"]
[BlackElo "2034"]
[PlyCount "50"]
[EventDate "2005.??.??"]
[EventType "tourn (corr)"]
[EventRounds "6"]
[SourceTitle "Corr 2008"]
[Source "ChessBase"]
[SourceDate "2008.06.24"]
[SourceVersion "1"]
[SourceVersionDate "2008.06.24"]
[SourceQuality "1"]

1. d4 Nf6 2. Nf3 b5 3. e3 a6 4. c4 bxc4 5. Bxc4 e6 6. 0-0 Bb7 7. Nc3 d5 8. Bd3 c5 9. dxc5 Bxc5 10. a3 0-0 11. b4 Bd6 12. Bb2 Nbd7 13. e4 dxe4 14. Bxe4 Bxe4 15. Qxd6 Bxf3 16. gxf3 Nb6 17. Qg3 Nc4 18. Rad1 Qb8 19. Bc1 Rc8 20. Bh6 Qxg3+ 21. hxg3 gxh6 22. Ne4 Nxe4 23. fxe4 Nxa3 24. Kg2 Nc2 25. Rh1 Kg7 0-1

[Event "CFriend CP-2005-P-00025"]
[Site "Chessfriend.com"]
[Date "2005.10.01"]
[Round "1"]
[White "Rubio Doblas, Francisco Javier"]
[Black "McNally, Tony"]
[Result "1-0"]
[WhiteElo "2301"]
[BlackElo "1104"]
[PlyCount "41"]
[EventDate "2005.??.??"]
[EventType "tourn (corr)"]
[EventRounds "6"]
[SourceTitle "Corr 2008"]
[Source "ChessBase"]
[SourceDate "2008.06.24"]
[SourceVersion "1"]
[SourceVersionDate "2008.06.24"]
[SourceQuality "1"]

1. e4 c5 2. Nf3 d6 3. d4 cxd4 4. Nxd4 Nf6 5. Nc3 g6 6. Be3 Bg7 7. f3 0-0 8. Qd2 Nc6 9. Bc4 Bd7 10. 0-0-0 Rb8 11. Bb3 Na5 12. Bh6 b5 13. h4 Nc4 14. Qg5 a5 15. h5 Bxh6 16. Qxh6 Nxh5 17. g4 Nf6 18. Nd5 Re8 19. g5 Nh5 20. Rxh5 gxh5 21. Rg1 1-0

[Event "CFriend CP-2005-P-00025"]
[Site "Chessfriend.com"]
[Date "2005.10.01"]
[Round "1"]
[White "Stadler, Pavel"]
[Black "McNally, Tony"]
[Result "1-0"]
[WhiteElo "1629"]
[BlackElo "1104"]
[PlyCount "77"]
[EventDate "2005.??.??"]
[EventType "tourn (corr)"]
[EventRounds "6"]
[SourceTitle "Corr 2008"]
[Source "ChessBase"]
[SourceDate "2008.06.24"]
[SourceVersion "1"]
[SourceVersionDate "2008.06.24"]
[SourceQuality "1"]

1. e4 c5 2. Nf3 d6 3. d4 cxd4 4. Nxd4 Nf6 5. Nc3 g6 6. Be3 Bg7 7. f3 0-0 8. Qd2 Nc6 9. Bc4 Bd7 10. 0-0-0 Rb8 11. Bb3 Na5 12. h4 b5 13. h5 Nc4 14. Bxc4 bxc4 15. hxg6 fxg6 16. Nde2 Qa5 17. a3 Rb7 18. Na2 Qb5 19. Bd4 Nxe4 20. fxe4 Bxd4 21. Qxd4 Bg4 22. Nac3 Qxb2+ 23. Kd2 Rc7 24. Qd5+ Kg7 25. Rb1 Qxa3 26. Qg5 h5 27. Nf4 Rxf4 28. Qxf4 e5 29. Qe3 Rf7 30. Rhf1 Rxf1 31. Rxf1 Be6 32. Qg5 Qc5 33. Qe7+ Kh6 34. Qxe6 Qd4+ 35. Ke2 Qxc3 36. Qxd6 Qxc2+ 37. Qd2+ Qxd2+ 38. Kxd2 Kg5 39. Kc3 1-0

[Event "IECG CF.2005.0.00074 email"]
[Site "IECG email"]
[Date "2005.08.15"]
[Round "?"]
[White "McNally, Tony"]
[Black "Anguis, Miquel Angel"]
[Result "1-0"]
[WhiteElo "1073"]
[BlackElo "1000"]
[PlyCount "28"]
[EventDate "2005.08.15"]
[EventType "tourn (corr)"]
[EventRounds "6"]
[SourceTitle "Corr 2024"]
[Source "ChessBase"]
[SourceDate "2023.10.19"]
[SourceVersion "1"]
[SourceVersionDate "2023.10.19"]
[SourceQuality "1"]

1. d4 Nf6 2. Nf3 e6 3. c4 d5 4. Bg5 Bb4+ 5. Nc3 dxc4 6. e4 c5 7. a3 Bxc3+ 8. bxc3 Qa5 9. Bxf6 Qxc3+ 10. Nd2 gxf6 11. dxc5 Nd7 12. Bxc4 Nxc5 13. 0-0 Qd4 14. Qc2 0-0 1-0

[Event "IECG CF.2005.0.00074 email"]
[Site "IECG email"]
[Date "2005.08.15"]
[Round "?"]
[White "Schere, Sebastian"]
[Black "McNally, Tony"]
[Result "0-1"]
[WhiteElo "1000"]
[BlackElo "1073"]
[PlyCount "32"]
[EventDate "2005.08.15"]
[EventType "tourn (corr)"]
[EventRounds "6"]
[SourceTitle "Corr 2008"]
[Source "ChessBase"]
[SourceDate "2008.06.24"]
[SourceVersion "1"]
[SourceVersionDate "2008.06.24"]
[SourceQuality "1"]

1. e4 c5 2. Nf3 d6 3. d4 cxd4 4. Nxd4 Nf6 5. Nc3 g6 6. Bd3 Bg7 7. Be3 0-0 8. h3 Nc6 9. Qd2 d5 10. 0-0 Nxd4 11. Bxd4 Re8 12. exd5 Nxd5 13. Bxg7 Kxg7 14. Rfe1 Be6 15. Rad1 Rc8 16. Re4 Nxc3 0-1

[Event "IECG QF.2005.0.00068 email"]
[Site "IECG email"]
[Date "2005.08.13"]
[Round "?"]
[White "McNally, Tony"]
[Black "Schere, Sebastian"]
[Result "1-0"]
[WhiteElo "1073"]
[BlackElo "1000"]
[PlyCount "39"]
[EventDate "2005.08.13"]
[EventType "tourn (corr)"]
[EventRounds "6"]
[SourceTitle "Corr 2008"]
[Source "ChessBase"]
[SourceDate "2008.06.24"]
[SourceVersion "1"]
[SourceVersionDate "2008.06.24"]
[SourceQuality "1"]

1. d4 Nf6 2. Nf3 g6 3. c4 Bg7 4. Nc3 0-0 5. Bg5 d6 6. e4 h6 7. Bh4 g5 8. Bg3 Nh5 9. Be2 Nxg3 10. fxg3 e5 11. d5 f5 12. 0-0 fxe4 13. Nxe4 Na6 14. Nfd2 c6 15. dxc6 bxc6 16. Nb3 d5 17. cxd5 cxd5 18. Rxf8+ Bxf8 19. Nf6+ Qxf6 20. Qxd5+ 1-0

[Event "IECG QF.2005.0.00068 email"]
[Site "IECG email"]
[Date "2005.08.13"]
[Round "?"]
[White "Schere, Sebastian"]
[Black "McNally, Tony"]
[Result "0-1"]
[WhiteElo "1000"]
[BlackElo "1073"]
[PlyCount "28"]
[EventDate "2005.08.13"]
[EventType "tourn (corr)"]
[EventRounds "6"]
[SourceTitle "Corr 2024"]
[Source "ChessBase"]
[SourceDate "2023.10.19"]
[SourceVersion "1"]
[SourceVersionDate "2023.10.19"]
[SourceQuality "1"]

1. d4 Nf6 2. c4 d5 3. Nc3 c6 4. Nf3 e6 5. e3 Nbd7 6. Bd3 dxc4 7. Bxc4 Bb4 8. 0-0 0-0 9. Qc2 b5 10. Bd3 Bb7 11. e4 Bxc3 12. bxc3 c5 13. Re1 c4 14. Be2 Bxe4 0-1

[Event "IECG QF.2005.0.00068 email"]
[Site "IECG email"]
[Date "2005.08.13"]
[Round "?"]
[White "Shah, Sehba"]
[Black "McNally, Tony"]
[Result "1-0"]
[WhiteElo "1017"]
[BlackElo "1073"]
[PlyCount "61"]
[EventDate "2005.08.13"]
[EventType "tourn (corr)"]
[EventRounds "6"]
[SourceTitle "Corr 2008"]
[Source "ChessBase"]
[SourceDate "2008.06.24"]
[SourceVersion "1"]
[SourceVersionDate "2008.06.24"]
[SourceQuality "1"]

1. e4 c5 2. c3 Nf6 3. e5 Nd5 4. d4 cxd4 5. Nf3 dxc3 6. Qxd5 e6 7. Qb3 cxb2 8. Bxb2 Nc6 9. Bd3 d5 10. exd6 Qxd6 11. 0-0 f6 12. Nbd2 Be7 13. Rad1 0-0 14. Rfe1 Kh8 15. Nf1 Qc7 16. Qc4 e5 17. Ne3 b6 18. Nd5 Qb7 19. Nxe7 Nxe7 20. Be4 Qa6 21. Qc7 Bg4 22. Bxa8 Rxa8 23. Qxe7 Qxa2 24. Rd8+ Rxd8 25. Qxd8+ Qg8 26. Rd1 h5 27. Qxg8+ Kxg8 28. Rd8+ Kh7 29. Ra8 a5 30. Rb8 Bxf3 31. gxf3 1-0

[Event "CFriend SL-2005-0-00035 email"]
[Site "Chessfriend.com"]
[Date "2005.08.10"]
[Round "1"]
[White "Castellano, Antonio Jr"]
[Black "McNally, Tony"]
[Result "0-1"]
[WhiteElo "1155"]
[BlackElo "1104"]
[PlyCount "50"]
[EventDate "2005.??.??"]
[EventType "tourn (corr)"]
[EventRounds "12"]
[SourceTitle "Corr 2008"]
[Source "ChessBase"]
[SourceDate "2008.06.24"]
[SourceVersion "1"]
[SourceVersionDate "2008.06.24"]
[SourceQuality "1"]

1. e4 c5 2. Nf3 d6 3. d4 cxd4 4. Nxd4 Nf6 5. Nc3 Nc6 6. Bg5 g6 7. Bb5 Bg7 8. 0-0 0-0 9. Nxc6 bxc6 10. Bxc6 Rb8 11. b3 Ba6 12. Re1 Qc8 13. Bxf6 Bxf6 14. Nd5 Qxc6 15. Rc1 Qc5 16. c4 Rfe8 17. g3 Be5 18. Kg2 e6 19. Ne3 Bb7 20. Ng4 h5 21. Nh6+ Kg7 22. Qd2 Qd4 23. Qg5 Bxe4+ 24. Kh3 Bf3 25. Re3 f6 0-1

[Event "CFriend SL-2005-0-00035 email"]
[Site "Chessfriend.com"]
[Date "2005.08.10"]
[Round "1"]
[White "McNally, Tony"]
[Black "Ghisi, Stefano"]
[Result "0-1"]
[WhiteElo "1104"]
[BlackElo "1525"]
[PlyCount "68"]
[EventDate "2005.??.??"]
[EventType "tourn (corr)"]
[EventRounds "12"]
[SourceTitle "Corr 2008"]
[Source "ChessBase"]
[SourceDate "2008.06.24"]
[SourceVersion "1"]
[SourceVersionDate "2008.06.24"]
[SourceQuality "1"]

1. d4 Nf6 2. Nf3 e6 3. c4 d5 4. Bg5 Be7 5. Nc3 0-0 6. e3 Nc6 7. Rc1 a6 8. a4 Nb4 9. Be2 b6 10. 0-0 Bb7 11. Bxf6 Bxf6 12. c5 bxc5 13. dxc5 Rb8 14. Nd4 Be7 15. Nb3 e5 16. Na5 Bc8 17. Bf3 c6 18. Nb3 e4 19. Be2 Qc7 20. Ra1 a5 21. Na2 f5 22. Nxb4 Rxb4 23. g3 Bf6 24. Qc2 Be6 25. Ra3 Rfb8 26. Rb1 g5 27. Kh1 Be5 28. h3 Kh8 29. Qd1 f4 30. gxf4 gxf4 31. exf4 Bg7 32. Bg4 Bxg4 33. hxg4 Qxf4 34. Nd2 Rd4 0-1

[Event "CFriend SL-2005-0-00035 email"]
[Site "Chessfriend.com"]
[Date "2005.08.10"]
[Round "1"]
[White "Werhan, Matthew"]
[Black "McNally, Tony"]
[Result "1/2-1/2"]
[WhiteElo "816"]
[BlackElo "1104"]
[PlyCount "92"]
[EventDate "2005.??.??"]
[EventType "tourn (corr)"]
[EventRounds "12"]
[SourceTitle "Corr 2008"]
[Source "ChessBase"]
[SourceDate "2008.06.24"]
[SourceVersion "1"]
[SourceVersionDate "2008.06.24"]
[SourceQuality "1"]

1. d4 Nf6 2. e3 d5 3. Bd3 g6 4. c3 Bg7 5. Nd2 0-0 6. Ngf3 b6 7. 0-0 c5 8. b4 cxd4 9. cxd4 Qc7 10. Bb2 Nc6 11. b5 Nb4 12. Bb1 Bd7 13. Qb3 Bxb5 14. Rc1 Qd6 15. a3 a5 16. axb4 axb4 17. Rxa8 Rxa8 18. e4 dxe4 19. Nxe4 Nxe4 20. Bxe4 Ba4 21. Qd5 Qxd5 22. Bxd5 Rd8 23. Bb7 e6 24. Rc7 h5 25. Be4 e5 26. d5 Bb3 27. Bxe5 Bxe5 28. Nxe5 Bxd5 29. Bb1 Be6 30. Rc1 b3 31. h3 b5 32. Kh2 Rd2 33. Kg3 b4 34. Nd3 Bd5 35. Re1 Bc4 36. Nxb4 Kg7 37. Kf3 f5 38. Ke3 Rd6 39. Rc1 Bf7 40. g3 Kf6 41. f4 Re6+ 42. Kd2 Rd6+ 43. Nd3 Bd5 44. Kc3 Be4 45. h4 Rc6+ 46. Kb2 Rxc1 1/2-1/2

[Event "IECG QF.2005.0.00066 email"]
[Site "IECG email"]
[Date "2005.05.27"]
[Round "?"]
[White "McNally, Tony"]
[Black "Rogers, Steven"]
[Result "1-0"]
[WhiteElo "1102"]
[BlackElo "1056"]
[PlyCount "47"]
[EventDate "2005.05.27"]
[EventType "tourn (corr)"]
[EventRounds "6"]
[SourceTitle "Corr 2008"]
[Source "ChessBase"]
[SourceDate "2008.06.24"]
[SourceVersion "1"]
[SourceVersionDate "2008.06.24"]
[SourceQuality "1"]

1. d4 d5 2. c4 dxc4 3. e4 e6 4. Bxc4 Bb4+ 5. Nc3 Nf6 6. Bg5 0-0 7. e5 h6 8. Bh4 g5 9. Bg3 Nh7 10. Nge2 c6 11. 0-0 Nd7 12. Bd3 c5 13. f4 cxd4 14. Nxd4 Qb6 15. Kh1 Qxd4 16. Bxh7+ Kxh7 17. Qxd4 Bc5 18. Qe4+ Kg8 19. fxg5 hxg5 20. Qg4 f6 21. Qxe6+ Kh8 22. exf6 Nxf6 23. Qe5 Bb6 24. Ne4 1-0

[Event "IECG QF.2005.0.00066 email"]
[Site "IECG email"]
[Date "2005.05.27"]
[Round "?"]
[White "Rogers, Steven"]
[Black "McNally, Tony"]
[Result "0-1"]
[WhiteElo "1056"]
[BlackElo "1102"]
[PlyCount "66"]
[EventDate "2005.05.27"]
[EventType "tourn (corr)"]
[EventRounds "6"]
[SourceTitle "Corr 2008"]
[Source "ChessBase"]
[SourceDate "2008.06.24"]
[SourceVersion "1"]
[SourceVersionDate "2008.06.24"]
[SourceQuality "1"]

1. e4 c5 2. Nf3 d6 3. d4 cxd4 4. Nxd4 Nf6 5. Nc3 g6 6. Bb5+ Bd7 7. 0-0 Bg7 8. Nd5 0-0 9. c4 Nxe4 10. Qf3 f5 11. Be3 e6 12. Nf4 Bxd4 13. Bxd4 e5 14. Nxg6 hxg6 15. Qh3 exd4 16. Qh6 Qg5 17. Qh3 Bc6 18. f4 Qe7 19. Qh6 Qh7 20. Qxh7+ Kxh7 21. Rad1 a6 22. Bxc6 Nxc6 23. Rde1 Nd2 24. Rf2 Nxc4 25. Rf3 Rfe8 26. Rh3+ Kg7 27. Rf1 Re2 28. Rff3 Nd2 29. Rfg3 Re1+ 30. Kf2 Rae8 31. Rxg6+ Kxg6 32. Rg3+ Kf6 33. Rh3 Rf1+ 0-1

[Event "IECG CF.2005.0.00069 email"]
[Site "IECG email"]
[Date "2005.03.16"]
[Round "?"]
[White "Adorjan, Attila"]
[Black "McNally, Tony"]
[Result "0-1"]
[WhiteElo "1000"]
[BlackElo "1073"]
[PlyCount "28"]
[EventDate "2005.03.16"]
[EventType "tourn (corr)"]
[EventRounds "6"]
[SourceTitle "Corr 2024"]
[Source "ChessBase"]
[SourceDate "2023.10.19"]
[SourceVersion "1"]
[SourceVersionDate "2023.10.19"]
[SourceQuality "1"]

1. d4 Nf6 2. c4 e6 3. Nc3 Bb4 4. Qc2 0-0 5. a3 Bxc3+ 6. Qxc3 Ne4 7. Qc2 d5 8. e3 Nc6 9. Nf3 f5 10. cxd5 exd5 11. Bb5 f4 12. Bxc6 bxc6 13. Qxc6 Bh3 14. gxh3 fxe3 0-1

[Event "IECG CF.2005.0.00069 email"]
[Site "IECG email"]
[Date "2005.03.16"]
[Round "?"]
[White "McNally, Tony"]
[Black "Hintze, Russell P"]
[Result "1-0"]
[WhiteElo "1073"]
[BlackElo "1100"]
[PlyCount "72"]
[EventDate "2005.03.16"]
[EventType "tourn (corr)"]
[EventRounds "6"]
[SourceTitle "Corr 2008"]
[Source "ChessBase"]
[SourceDate "2008.06.24"]
[SourceVersion "1"]
[SourceVersionDate "2008.06.24"]
[SourceQuality "1"]

1. d4 d5 2. c4 e6 3. Nf3 Nf6 4. Bg5 Be7 5. Nc3 h6 6. Bh4 0-0 7. e3 b6 8. cxd5 Nxd5 9. Bxe7 Qxe7 10. Nxd5 exd5 11. Qb3 Bb7 12. Rc1 c6 13. Bd3 f5 14. 0-0 Nd7 15. Qc2 Qf6 16. h3 c5 17. Bb5 Rf7 18. Bxd7 Rxd7 19. dxc5 Rc7 20. Nd4 Rf8 21. Nb5 Rxc5 22. Qb3 Rxc1 23. Rxc1 f4 24. Nxa7 Kh8 25. Rc7 Ba8 26. Qc3 fxe3 27. Qxf6 gxf6 28. fxe3 Rg8 29. Nb5 d4 30. Nxd4 Rxg2+ 31. Kf1 Be4 32. Re7 f5 33. Rxe4 fxe4 34. Kxg2 Kh7 35. b4 Kg6 36. a4 Kf6 1-0